Estatísticas para Quiz do Mapa da Oceânia

Clique aqui para jogar o quiz

Estatísticas Gerais

  • Esse quiz foi jogado 3,228 vezes
  • A pontuação média é 7 de 16

Estatísticas das Respostas

Answer % Correto
Austrália
99%
Nova Zelândia
91%
Papua Nova Guiné
85%
Estados Federados da
Micronésia
53%
Fiji
44%
Kiribati
44%
Ilhas Salomão
38%
Ilhas Marshall
36%
Palau
36%
Polinésia Francesa
35%
Nauru
35%
Samoa
31%
Nova Caledónia (França)
30%
Tonga
27%
Vanuatu
25%
Tuvalu
24%

Distribuição das Pontuações

Percentil de Números Respondidos

Porcentagem de Pessoas com Cada Pontuação

Sua Pontuação Histórica

Você não jogou esse quiz